[Event "ch-PAR"]
[Site "Asuncion URU"]
[Date "2010.06.20"]
[Round "5"]
[White "Latorre,Mat"]
[Black "Jodorcovsky,P"]
[Result "1/2-1/2"]
[WhiteElo "2076"]
[BlackElo "2195"]

1.d4 Nf6 2.c4 e6 3.g3 d5 4.Nf3 Be7 5.Bg2 O-O 6.O-O c6 7.Nbd2 Nbd7 8.Qc2 b6
9.e4 dxe4 10.Nxe4 Bb7 11.Ne5 Qc8 12.Bg5 c5 13.Nxd7 Qxd7 14.Bxf6 gxf6 15.dxc5 bxc5
16.Rad1 Qc7 17.Nc3 Bxg2 18.Kxg2 Qb7+ 19.f3 Rfd8 20.Rf2 Rxd1 21.Nxd1 f5 22.Rd2 Rd8
23.Nc3 Rxd2+ 24.Qxd2 Bf6 25.Na4 Qc7 26.b3 Qe5 27.Kf2 Qa1 28.Kg2 Bd4 29.Qg5+ Kf8
30.Qd8+ Kg7 31.Qg5+ Kf8  1/2-1/2

[Event "45th Capablanca Mem Open"]
[Site "Havana CUB"]
[Date "2010.06.20"]
[Round "10"]
[White "Boada,W"]
[Black "Guerrero,An"]
[Result "1/2-1/2"]
[WhiteElo "2266"]
[BlackElo "2164"]

1.d4 e6 2.g3 d5 3.Bg2 Nf6 4.Nf3 Be7 5.c4 O-O 6.Nc3 c6 7.O-O b6 8.cxd5 cxd5
9.Bf4 Bb7 10.Rc1 Nc6 11.h4 a6 12.Ne5 Rc8  1/2-1/2

[Event "45th Capablanca Mem Elite"]
[Site "Havana CUB"]
[Date "2010.06.20"]
[Round "10"]
[White "Dominguez Perez,L"]
[Black "Alekseev,Evgeny"]
[Result "1-0"]
[WhiteElo "2713"]
[BlackElo "2700"]

1.d4 Nf6 2.c4 e6 3.g3 d5 4.Nf3 Be7 5.Bg2 O-O 6.O-O dxc4 7.Qc2 a6 8.Qxc4 b5
9.Qc2 Bb7 10.Bd2 Bd6 11.Re1 Be4 12.Qc1 Bb7 13.Bg5 Nbd7 14.Nbd2 c5 15.Bxf6 gxf6
16.Nb3 Qb6 17.Qh6 Rfd8 18.Rad1 Bf8 19.Qh5 a5 20.dxc5 Nxc5 21.Ng5 fxg5 22.Qxg5+ Kh8
23.Nxc5 Bxc5 24.Qf6+ Kg8 25.Bxb7 Bxf2+ 26.Qxf2 Qxb7 27.Qf4 Qe7 28.Qe5 b4
29.Rxd8+ Rxd8 30.Qxa5 Rd5 31.Qb6 Rd2 32.Rc1 h6 33.Qe3 Qg5 34.Qe4 Kg7 35.Rc2 Rd1+
36.Kg2 h5 37.Qf3 Qe5 38.b3 Rd4 39.e3 Rd3 40.Rf2 Rd7 41.Qf4 Qc5 42.e4 Qe7
43.e5 Rd3 44.Kh3 Rc3 45.Qd2 h4 46.Rf4 hxg3 47.hxg3 Kf8 48.Rh4 Qc7 49.Qg5 Ke8
50.Qg8+ Ke7 51.Rf4 Qxe5 52.Rxf7+ Kd6 53.Qb8+ Kd5 54.Qb5+ Ke4 55.Rf4+  1-0

[Event "Open"]
[Site "Teplice CZE"]
[Date "2010.06.20"]
[Round "9"]
[White "Klement,L"]
[Black "Balin,K"]
[Result "1/2-1/2"]
[WhiteElo "2181"]
[BlackElo "2067"]

1.d4 d5 2.Nf3 Nf6 3.c4 e6 4.g3 Be7 5.Bg2 O-O 6.O-O c6 7.Nc3 Nbd7 8.Qb3 b6
9.Nd2 a5 10.e4 dxc4 11.Nxc4 b5 12.Ne3 Nb6 13.Rd1 a4 14.Qc2 b4 15.Ne2 Ba6
16.Nf4 Rc8 17.Bf1 Bxf1 18.Kxf1 Qd7 19.b3 c5 20.d5 exd5 21.Nexd5 Nbxd5 22.Nxd5 Nxd5
23.Rxd5 Qh3+ 24.Kg1 Bf6 25.Bb2 Bxb2 26.Qxb2 c4 27.bxc4 Rxc4 28.Qe2 Qc8 29.Rad1 Rc2
30.Qb5 Rxa2 31.Qxb4 h6 32.R1d2 Qc1+ 33.Kg2 Rxd2 34.Rxd2 Qc6 35.Rd6 Qa8 36.Rd5 Re8
37.Kf3 Qc6 38.Rd6 Qc2 39.Rd5 Ra8 40.Qd2 Qb3+ 41.Rd3 Qc4 42.Rd4  1/2-1/2

[Event "Open"]
[Site "Eforie Nord ROU"]
[Date "2010.06.24"]
[Round "8"]
[White "Dziuba,M"]
[Black "Cosma,E"]
[Result "1/2-1/2"]
[WhiteElo "2576"]
[BlackElo "2370"]

1.d4 d5 2.c4 e6 3.Nf3 Nf6 4.g3 Be7 5.Bg2 O-O 6.O-O dxc4 7.Qc2 a6 8.Qxc4 b5
9.Qc2 Bb7 10.Bd2 Be4 11.Qc1 c6 12.Nc3 Bxf3 13.Bxf3 Qxd4 14.Be3 Qd8 15.a4 b4
16.Ne4 Nd5 17.Bd4 a5 18.Rd1 Qc7 19.Nc5 e5 20.Nd3 exd4 21.Bxd5 Ra7 22.Bb3 c5
23.Qc4 Nd7 24.Rac1 Ne5 25.Qd5 Nxd3 26.exd3 Qd6 27.Qc4 Qf6 28.Re1 Bd6 29.Re4 g6
30.Rce1 Kg7 31.Kg2 h5 32.h4 Qf5 33.Qb5 Qd7 34.Qc4 Qf5 35.R1e2 Qf6 36.Qd5 Rd8
37.Qc4 Rf8 38.Ba2 Qf5 39.Rxd4 cxd4 40.Qxd4+ Kh6 41.Qxa7 Qxd3 42.Re3 Qf5 43.Rf3 Qc5
44.Rxf7 Qxa7 45.Rxa7 Rxf2+ 46.Kxf2  1/2-1/2

[Event "XXVIII Balaton GM2"]
[Site "Heviz HUN"]
[Date "2010.06.26"]
[Round "8"]
[White "Nadig,K"]
[Black "Horvath,Ad1"]
[Result "1/2-1/2"]
[WhiteElo "2236"]
[BlackElo "2494"]

1.Nf3 Nf6 2.g3 e6 3.Bg2 d5 4.d4 Be7 5.c4 O-O 6.O-O c6 7.Nbd2 Nbd7 8.b3 b6
9.Bb2 Ba6 10.Re1 Rc8 11.e4 c5 12.e5 Ne8 13.cxd5 exd5 14.Nf1 Nc7 15.Ne3 Re8
16.h4 Nf8 17.h5 Nfe6 18.h6 g6 19.Rc1 Qd7 20.Qd2 Red8 21.Red1 Qe8 22.Qe1 Qf8
23.Ng4 c4 24.bxc4 Bxc4 25.Nd2 Bd3 26.Nf1 Bf5 27.Nge3 Bb4 28.Qe2 Qxh6 29.Nxf5 gxf5
30.Ne3 f4 31.Nxd5 Nxd5 32.Rxc8 Rxc8 33.Bxd5 fxg3 34.fxg3 Bc3 35.Bxc3 Rxc3
36.Qg4+ Kh8 37.Bxe6 Rc2 38.Qf3 fxe6 39.a3 Qh2+ 40.Kf1 Qh3+ 41.Kg1 Kg8 42.d5 Qh2+
43.Kf1 Rc8 44.Qg4+ Kh8 45.Qf3 Kg8 46.Qg4+ Kh8 47.Qf3 Qh6 48.Kg1 Rf8 49.Qe2 Qg5
50.Kg2 Rg8 51.Qf3 Qxe5 52.dxe6 Rc8 53.Qg4 Re8 54.Qd4 Rxe6 55.Qxe5+ Rxe5 56.Rd8+ Kg7
57.Rd7+ Kg6 58.Rxa7 h5 59.Ra6 Re2+ 60.Kh3 Rb2  1/2-1/2

[Event "HSG Open"]
[Site "Hilversum NED"]
[Date "2010.06.28"]
[Round "3"]
[White "Kunnen,Ruurd"]
[Black "Tulfer,P"]
[Result "1-0"]
[WhiteElo "1986"]
[BlackElo "1901"]

1.c4 Nf6 2.g3 e6 3.Bg2 d5 4.d4 Be7 5.Nf3 O-O 6.O-O dxc4 7.Qc2 a6 8.Qxc4 b5
9.Qc2 Bb7 10.Bf4 Bd6 11.Bg5 Ra7 12.Nbd2 h6 13.Bxf6 Qxf6 14.e4 e5 15.dxe5 Bxe5
16.Nxe5 Qxe5 17.Nb3 Nc6 18.Rac1 Ba8 19.f4 Qe7 20.Qf2 a5 21.Rxc6 Bxc6 22.Qxa7 a4
23.Qc5 Qxc5+ 24.Nxc5  1-0

[Event "1st Open"]
[Site "Marrakesh MAR"]
[Date "2010.06.28"]
[Round "4"]
[White "Mikhalevski,V"]
[Black "Del Rio de Angelis,S"]
[Result "1-0"]
[WhiteElo "2614"]
[BlackElo "2521"]

1.d4 e6 2.c4 Nf6 3.g3 d5 4.Nf3 Be7 5.Bg2 O-O 6.O-O c6 7.Qc2 b6 8.Rd1 Nbd7
9.Nc3 Ba6 10.Ne5 Nxe5 11.dxe5 Nd7 12.cxd5 cxd5 13.e4 d4 14.Rxd4 Qc7 15.Bf4 Nxe5
16.Qa4 Bc8 17.Rc1 Qb8 18.h4 a6 19.Qb3 Bf6 20.a4 Qb7 21.Rd6 Rb8 22.Be3 Bd8
23.Rd2 Bd7 24.Bf4 Bf6 25.h5 g5 26.hxg6 hxg6 27.Rd6 b5 28.Nd5 exd5 29.Rxf6 bxa4
30.Qxd5  1-0

[Event "1st Open"]
[Site "Marrakesh MAR"]
[Date "2010.06.28"]
[Round "5"]
[White "Gleizerov,E"]
[Black "Njili,K"]
[Result "1-0"]
[WhiteElo "2578"]
[BlackElo "2247"]

1.d4 Nf6 2.c4 e6 3.g3 d5 4.Nf3 Be7 5.Bg2 O-O 6.O-O dxc4 7.Nc3 Nc6 8.e3 Rb8
9.Qa4 b5 10.Nxb5 Bd7 11.Nc3 Nxd4 12.Qxc4 Rb4 13.Qa6 Rb6 14.Qd3 Nxf3+ 15.Bxf3 Bc6
16.Qe2 Nd5 17.Nxd5 exd5 18.Rd1 Qa8 19.b3 Bb7 20.Bb2 Rh6 21.Bg2 Re8 22.Rac1 c6
23.Bd4 a5 24.Qb2 Bf6 25.Bxf6 Rxf6 26.Rd4 Qa7 27.Qc3 Rfe6 28.Qc5 Ra8 29.Ra4 Ree8
30.Qxa7 Rxa7 31.Rc5 Rea8 32.e4 dxe4 33.Bxe4 g6 34.h4 Re8 35.Bf3 Rea8 36.Bxc6 Rc8
37.Rac4 Bxc6 38.Rxc6 Rxc6 39.Rxc6 a4 40.b4 a3 41.Kf1 Rd7 42.Rc3 Rd1+ 43.Ke2 Rb1
44.Rxa3 Rxb4 45.Rb3 Ra4 46.a3 Kg7 47.Kd2 Kh6 48.Kc2 f5 49.Kb2 Rd4 50.f4 Kh5
51.Re3 Kg4 52.Kb3 Rd8 53.a4 Rb8+ 54.Kc4 Rc8+ 55.Kb5 Rb8+ 56.Kc6 Ra8 57.Ra3 Ra5
58.Kb6 Rd5 59.a5 Rd6+ 60.Kc5 Rf6 61.Kb5 Rf8 62.a6  1-0

[Event "1st Open"]
[Site "Marrakesh MAR"]
[Date "2010.06.29"]
[Round "6"]
[White "Arnaudov,G"]
[Black "Benaino,S"]
[Result "1-0"]
[WhiteElo "2416"]
[BlackElo "2136"]

1.d4 Nf6 2.c4 e6 3.g3 d5 4.Bg2 Be7 5.Nf3 O-O 6.O-O dxc4 7.Qc2 Qd5 8.Nc3 Qh5
9.Qa4 Bd7 10.Qxc4 Bc6 11.Qd3 Qg6 12.Qxg6 hxg6 13.Bg5 Re8 14.Bxf6 gxf6 15.e4 b6
16.Rac1 Na6 17.a3 Bb7 18.Rfd1 c6 19.Nd2 Rad8 20.Nc4 Nc7 21.h4 Rd7 22.Rc2 Red8
23.Rcd2 Nb5 24.Nxb5 cxb5 25.Ne3 b4 26.a4 Bc5 27.d5 exd5 28.exd5 Ba6 29.Bf1 Bxe3
30.fxe3 Bxf1 31.Kxf1 f5 32.Kf2 Kg7 33.Kf3 Kf6 34.Kf4 Re8 35.Rd4 Red8 36.g4 Rh8
37.g5+ Ke7 38.Ke5 f6+ 39.gxf6+ Kf7 40.d6 Re8+ 41.Kd5 Kxf6 42.e4 Re5+ 43.Kc6 Ke6
44.exf5+ gxf5 45.Rd5 Re2 46.R5d2 Re5 47.Rd5 Re2 48.R1d2 Re1 49.Rc2 f4 50.a5 bxa5
51.h5 f3 52.Rdd2 b3 53.Rc3 f2 54.Rxf2 Rxd6+ 55.Kb7 a4 56.h6 Rd7+ 57.Kc6 Rd6+  1-0

[Event "5th Open"]
[Site "Wroclaw POL"]
[Date "2010.06.29"]
[Round "5"]
[White "Luch,M"]
[Black "Przezdziecka,M"]
[Result "1-0"]
[WhiteElo "2398"]
[BlackElo "2278"]

1.Nf3 Nf6 2.c4 e6 3.g3 d5 4.Bg2 Be7 5.d4 O-O 6.O-O b6 7.cxd5 Nxd5 8.e4 Nf6
9.Qc2 Bb7 10.Nc3 Na6 11.Rd1 Qe8 12.a3 Rd8 13.Ne5 c5 14.d5 Nc7 15.Qb3 b5 16.Bf4 Bd6
17.Nxf7 Qxf7 18.dxe6 Qxe6 19.Qxe6+ Nxe6 20.Bxd6 Rfe8 21.e5 Bxg2 22.Kxg2 Nd7
23.Nxb5 Ra8 24.f4 g6 25.Rd2 Nb6 26.Rc1 Red8 27.Rf2 c4 28.h4 Nd5 29.Rd2 Nb6
30.Rcd1 Rd7 31.Bb4 Rxd2+ 32.Rxd2 a6 33.Nd4 Nxd4 34.Rxd4 Na4 35.Rxc4 Nxb2
36.Rc7 a5 37.Bc3 Na4 38.Bd4  1-0

[Event "HSG Open"]
[Site "Hilversum NED"]
[Date "2010.06.30"]
[Round "5"]
[White "Landa,K"]
[Black "Lalith,B"]
[Result "1-0"]
[WhiteElo "2655"]
[BlackElo "2493"]

1.d4 Nf6 2.c4 e6 3.g3 d5 4.Bg2 Be7 5.Nf3 O-O 6.O-O c6 7.Qc2 b6 8.b3 Ba6 9.Nbd2 c5
10.Bb2 Nbd7 11.e4 dxe4 12.Nxe4 Nxe4 13.Qxe4 Bf6 14.Ne5 Qc7 15.Rfd1 Rfd8 16.Nxd7 Qxd7
17.dxc5 Qxd1+ 18.Rxd1 Rxd1+ 19.Bf1 Rad8 20.Bxf6 gxf6 21.c6 f5 22.Qh4 b5 23.Kg2 bxc4
24.Bxc4 Bxc4 25.Qxc4  1-0

[Event "IsBank TCh-TUR"]
[Site "Konya TUR"]
[Date "2010.06.30"]
[Round "3"]
[White "Mchedlishvili,M"]
[Black "Karakehajov,K"]
[Result "1-0"]
[WhiteElo "2630"]
[BlackElo "2505"]

1.d4 d5 2.Nf3 e6 3.g3 Nf6 4.Bg2 Be7 5.c4 c6 6.O-O O-O 7.Nbd2 Nbd7 8.Qc2 b6
9.e4 Bb7 10.e5 Ne8 11.cxd5 cxd5 12.Re1 Rc8 13.Qa4 a5 14.Nf1 Ba6 15.Qd1 Nb8
16.h4 Nc6 17.a3 Bb5 18.b3 a4 19.bxa4 Bc4 20.Ne3 Na5 21.Nxc4 dxc4 22.Rb1 Nb3
23.Be3 Bxa3 24.Ng5 h6 25.Ne4 Bb4 26.Rf1 Be7 27.Qg4 Kh7 28.Qe2 Nxd4 29.Bxd4 Qxd4
30.Rfd1  1-0

[Event "IsBank TCh-TUR"]
[Site "Konya TUR"]
[Date "2010.07.01"]
[Round "4"]
[White "Erdogdu,M"]
[Black "Marasli,T"]
[Result "1/2-1/2"]
[WhiteElo "2458"]
[BlackElo "2185"]

1.d4 e6 2.c4 d5 3.Nf3 Nf6 4.g3 Be7 5.Bg2 O-O 6.O-O dxc4 7.Qc2 a6 8.Qxc4 b5
9.Qc2 Bb7 10.Bd2 Be4 11.Qc1 b4 12.Bg5 Nbd7 13.Nbd2 Bb7 14.Qc2 Rc8 15.Nb3 c5
16.Bxf6 gxf6 17.Ng5 fxg5 18.Bxb7 Rc7 19.Bxa6 cxd4 20.Qe4 Qa8 21.Qxa8 Rxa8
22.Bb5 Bf6 23.Rfd1 Rb8 24.Bxd7 Rxd7 25.Nc5 Ra7 26.Nd3 Rb5 27.a4 bxa3 28.Rxa3 Rxa3
29.bxa3 Ra5 30.Ra1 Kf8 31.g4 Kg7 32.Kg2 h5 33.h3 Kg6 34.a4 Bg7 35.Ra2 hxg4
36.hxg4 f5 37.f3 e5 38.Nb2 e4 39.fxe4 fxe4 40.Nc4 Rc5 41.Nd2 d3 42.exd3 exd3
43.a5 Rc2 44.Rxc2 dxc2 45.Nb3 Bd4 46.Kf3 Kf6 47.Ke4 Ba7 48.Kd5 Ke7 49.Nc1 Kd7
50.Ke4  1/2-1/2

[Event "5th Open"]
[Site "Wroclaw POL"]
[Date "2010.07.01"]
[Round "8"]
[White "Goslawski,M"]
[Black "Kaczmarek,M"]
[Result "1-0"]
[WhiteElo "2044"]
[BlackElo "2032"]

1.d4 Nf6 2.Nf3 d5 3.c4 e6 4.g3 Be7 5.Bg2 O-O 6.O-O Nbd7 7.Qc2 c6 8.Nbd2 b6
9.e4 Ba6 10.e5 Ne8 11.Re1 Rc8 12.Qa4 Nb8 13.cxd5 cxd5 14.Nf1 b5 15.Qb3 Nc6
16.Bd2 Na5 17.Bxa5 Qxa5 18.Rec1 Nc7 19.a3 Na8 20.Qd1 Nb6 21.b4 Qa4 22.Qxa4 bxa4
23.Ne3 Bb5 24.Bf1 a6 25.Ne1 f6 26.Nd3 fxe5 27.Nxe5 Bf6 28.Bh3 Rce8 29.f4 Bxe5
30.fxe5 Kf7 31.Rc7+ Re7 32.Rac1 Rd8 33.Bf1 Bxf1 34.Kxf1 Ke8 35.Ke2 Rdd7 36.R7c6 Rb7
37.Rd6 a5 38.bxa5 Nc4 39.Nxc4 dxc4 40.Rxc4 Rb2+ 41.Kd3 Rb3+ 42.Rc3 Rb5 43.a6 Kf7
44.Rdc6 Rd7 45.Rc7 Ke7 46.Rxd7+ Kxd7 47.Rc5 Rb6 48.Ra5 Rb8 49.a7 Ra8 50.Rxa4 Kc7
51.Kc4 g5 52.g4 h6 53.h3 Kb7 54.Kb5 Kc7 55.Ra6 Kd7 56.Kb6  1-0

[Event "IsBank TCh-TUR"]
[Site "Konya TUR"]
[Date "2010.07.02"]
[Round "5"]
[White "Sirin,A"]
[Black "Benzetsel,E"]
[Result "1-0"]
[WhiteElo "2250"]
[BlackElo "1770"]

1.d4 Nf6 2.Nf3 d5 3.c4 e6 4.g3 Be7 5.Bg2 O-O 6.O-O dxc4 7.Qc2 a6 8.a4 Nbd7
9.Rd1 c5 10.Nbd2 cxd4 11.Nxc4 Bc5 12.Nxd4 Qe7 13.Rb1 Nb6 14.b4 Bxd4 15.Rxd4 Nxc4
16.Rxc4 e5 17.Be3 Be6 18.Rc3 Rfd8 19.Bb6 Rd7 20.Rc8+ Rxc8 21.Qxc8+ Qe8 22.Bxb7 Rd1+
23.Rxd1 Bxc8 24.Bxc8 Qxa4 25.Rd8+ Ne8 26.Bd7 Qd1+ 27.Kg2 g6 28.Bxe8 Qb1 29.Bc6+ Kg7
30.Bc5 Qc2 31.Bf8+ Kf6 32.Rd6+ Kg5 33.h4+ Kf5 34.Bg7 e4 35.Bd7+  1-0

[Event "ch-Paris Int"]
[Site "Paris FRA"]
[Date "2010.07.03"]
[Round "1"]
[White "D'Costa,L"]
[Black "Jablonski,N"]
[Result "1-0"]
[WhiteElo "2456"]
[BlackElo "2283"]

1.d4 d5 2.c4 e6 3.Nf3 Nf6 4.g3 Be7 5.Bg2 O-O 6.O-O dxc4 7.Qc2 a6 8.a4 Bd7
9.Rd1 Bc6 10.Nc3 Bxf3 11.Bxf3 Nc6 12.Bxc6 bxc6 13.a5 Qb8 14.Ra4 Qb3 15.Qxb3 cxb3
16.Rc4 c5 17.dxc5 Rad8 18.Rxd8 Rxd8 19.Be3 Rb8 20.Bf4 Rb7 21.e4 c6 22.Na4 Rb5
23.Bd6 Bd8 24.Nc3 Rb7 25.Ne2 Bxa5 26.e5 Nd5 27.Ra4 Nc3 28.Nxc3 Bxc3 29.Rxa6 f6
30.Rb6  1-0

[Event "MGU-9 Open"]
[Site "Sofia BUL"]
[Date "2010.07.03"]
[Round "2"]
[White "Ninov,D"]
[Black "Kostov,N"]
[Result "0-1"]
[WhiteElo "2020"]
[BlackElo "1998"]

1.d4 Nf6 2.c4 e6 3.g3 d5 4.Nf3 Be7 5.Bg2 O-O 6.O-O dxc4 7.Qc2 c5 8.Qxc4 cxd4
9.Nxd4 a6 10.a4 e5 11.Nf3 Nc6 12.Be3 Be6 13.Qc1 Rc8 14.Rd1 Nd4 15.Nc3 Nxe2+
16.Kh1 Nxc1 17.Rxd8 Rfxd8 18.Rxc1 Nd5 19.Re1 Nxe3 20.Rxe3 f6 21.Ng1 Rc7 22.f4 Bc5
23.Re1 Bf7 24.fxe5 fxe5 25.Rxe5 Bd4 26.Re1 Bxc3 27.bxc3 b5 28.axb5 axb5 29.Rb1  0-1

[Event "ch-PAR"]
[Site "Asuncion URU"]
[Date "2010.07.04"]
[Round "9"]
[White "Latorre,Mat"]
[Black "Bergonzi,O"]
[Result "1-0"]
[WhiteElo "2076"]
[BlackElo "2112"]

1.d4 d5 2.c4 e6 3.Nf3 Nf6 4.g3 Be7 5.Bg2 O-O 6.O-O Nbd7 7.Qc2 b6 8.cxd5 exd5
9.Qc6 Ba6 10.Nc3 Rc8 11.Bh3 Nb8 12.Qa4 Ne4 13.Bxc8 Qxc8 14.Nxd5 Bd6 15.Qc2 Re8
16.Bf4 Qf5 17.Ne3 Qh5 18.Bxd6 cxd6 19.Rfe1 Nd7 20.Qa4 Bxe2 21.Rxe2 Qxf3 22.Qxd7 Nf6
23.Qb5 h5 24.Rae1 Re6 25.Qf5 Qb7 26.Ng2 g6 27.Qc2 Rxe2 28.Rxe2 Qd5 29.Nf4  1-0

[Event "ch-NOR"]
[Site "Fredrikstad NOR"]
[Date "2010.07.07"]
[Round "6"]
[White "Stokke,K"]
[Black "Getz,N"]
[Result "1-0"]
[WhiteElo "2401"]
[BlackElo "2239"]

1.Nf3 d5 2.d4 Nf6 3.c4 e6 4.g3 Be7 5.Bg2 O-O 6.O-O dxc4 7.Ne5 Nc6 8.Bxc6 bxc6
9.Nxc6 Qe8 10.Nxe7+ Qxe7 11.Qa4 c5 12.Qa3 Bb7 13.dxc5 Rfc8 14.Be3 Nd5 15.Rc1 Nxe3
16.Qxe3 Rxc5 17.Nd2 Rac8 18.Rc2 f6 19.f3 Ba6 20.Qa3 Qb7 21.Ne4 Re5 22.Qd6 Bb5
23.Rac1 Re8 24.Nc3 Bc6 25.Rd1 Re7 26.Qd8+ Kf7 27.Qd4 Qa6 28.Qh4 h6 29.Kf1 g6
30.Qxh6 Rh5 31.Qf4 e5 32.Qe3 Rxh2 33.Rd6 Qc8 34.Ke1 Rh1+ 35.Kd2 Rd7 36.Qc5 Rxd6+
37.Qxd6 Rh8 38.Ke3 Rd8 39.Qc5 Qa6 40.Rd2 Rc8 41.Rd6 Qb6 42.Qxb6 axb6 43.g4 Ke7
44.Rd1 Ke6 45.Rh1 Rb8 46.a3 Re8 47.Rh6 g5 48.Rh7 Re7 49.Rxe7+ Kxe7 50.Kd2 Kd6
51.e4 Kc5 52.Ne2 Ba4 53.Ng3 Kd6 54.Nf1 b5 55.Ne3 Ke6 56.Kc3 Kd6 57.Kb4 Kc6
58.Kc3 Kd6 59.Kd2 Ke6 60.Nd5 Kf7 61.Nc3 Bb3 62.Nxb5 Ke6 63.Nc7+ Kd6 64.Nd5 Ke6
65.Nc3 Kd6 66.a4 Kc6 67.a5 Kc5 68.a6 Kb6 69.Nd5+ Kxa6 70.Nxf6 Kb7 71.Nd7  1-0

[Event "IsBank TCh-TUR"]
[Site "Konya TUR"]
[Date "2010.07.07"]
[Round "12"]
[White "Sanikidze,T"]
[Black "Citak,S"]
[Result "1-0"]
[WhiteElo "2569"]
[BlackElo "2340"]

1.Nf3 d5 2.d4 e6 3.c4 Nf6 4.g3 Be7 5.Bg2 O-O 6.O-O dxc4 7.Qc2 a6 8.a4 Nc6
9.Qxc4 Qd5 10.Qd3 Qf5 11.Qb3 Rd8 12.Rd1 e5 13.d5 Nb4 14.Nc3 c5 15.Bg5 e4
16.Bxf6 Bxf6 17.Ne1 Qg4 18.Nxe4 Qxe2 19.Rd2 Qh5 20.Nxc5 a5 21.Ne4 Be7 22.Qc4 Nxd5
23.Nc5 Nb6 24.Rxd8+ Bxd8 25.Qb5 Bd7 26.Nxd7 Qxb5 27.axb5 Nxd7 28.Bxb7 Rb8
29.Bf3 Ne5 30.Be2 Kf8 31.f4 Nd7 32.Rd1 Ke7 33.Kg2 Rc8 34.Bg4 Rc7 35.Nd3 Rc2+
36.Kh3 Nc5 37.Re1+ Kf6 38.Rd1 Nxd3 39.Rxd3 Ke7 40.Re3+ Kd6 41.Rd3+ Ke7 42.b3 Bb6
43.Bf3 f5 44.g4 Bg1 45.gxf5 Rxh2+ 46.Kg3 Rc2 47.Kg4 Bb6 48.Bc6 Rb2 49.Rd7+ Kf8
50.Bd5 Rd2 51.Rf7+ Ke8 52.Be6 Bd4 53.Rd7 Be3 54.Rb7 Rd4 55.Kf3 Bxf4 56.Rxg7 Be5  1-0

[Event "38th TCh-GRE DivA"]
[Site "Peristeri GRE"]
[Date "2010.07.07"]
[Round "3"]
[White "Tsekouras,T"]
[Black "Sandalakis,A"]
[Result "0-1"]
[WhiteElo "2242"]
[BlackElo "2343"]

1.d4 Nf6 2.c4 e6 3.g3 d5 4.Bg2 Be7 5.Nf3 O-O 6.O-O dxc4 7.Qc2 a6 8.a4 Bd7
9.Qxc4 Bc6 10.Bg5 Bd5 11.Qd3 c5 12.Nc3 cxd4 13.Nxd5 Qxd5 14.h4 Qd7 15.Qxd4 h6
16.Bf4 Nc6 17.Qc4 Na5 18.Qa2 Qd5 19.Ne5 Qxa2 20.Rxa2 Rfd8 21.Rb1 Nd5 22.Bxd5 Rxd5
23.b4 Nc6 24.Nxc6 bxc6 25.b5 axb5 26.a5 b4 27.a6 Rb5 28.a7 e5 29.Be3 c5 30.Ra6 Kf8
31.Rc6 Ke8 32.Rd1 b3 33.Ra6 Bd8 34.Rad6 Ba5 35.Rc6 b2 36.Rb1 Rxa7 37.Bxc5 Bb6
38.Rxb2 Rxb2 39.Rxb6 Ra1+ 40.Kg2 Rxe2 41.Rb7 Rc1 42.Be3 Rc4 43.Rb8+ Ke7 44.Rb7+ Ke6
45.Rb6+ Kd7 46.Rb8 Rc8 47.Rb7+ Rc7 48.Rb8 h5 49.Rg8 g6 50.Ra8 Rec2 51.Ra5 Ke6
52.Ra6+ R7c6 53.Ra5 f6 54.Ra7 Rb2 55.Rg7 Kf5 56.Kf3 Rc3  0-1

[Event "Heart of Finland"]
[Site "Jyvaskyla FIN"]
[Date "2010.07.08"]
[Round "6"]
[White "Akesson,R"]
[Black "Vul,A"]
[Result "1/2-1/2"]
[WhiteElo "2470"]
[BlackElo "2289"]

1.d4 d5 2.c4 e6 3.Nf3 Nf6 4.g3 Be7 5.Bg2 O-O 6.O-O b6 7.cxd5 exd5 8.Nc3 Bb7
9.Ne5 Na6 10.Bf4 c5 11.Rc1 Ne4 12.Be3 Bf6 13.Ng4 Be7 14.dxc5 Naxc5 15.Bd4 Ne6
16.Nxe4 dxe4 17.Bc3 Qxd1 18.Rfxd1 Rfd8 19.h4 Rxd1+ 20.Rxd1 Rd8 21.Rxd8+ Bxd8
22.Ne3 g6 23.Ng4 f5 24.Nf6+ Bxf6 25.Bxf6 Kf7 26.Bc3 Bd5 27.a3 Nc5 28.f3 exf3
29.exf3 Nd3 30.Bf1 Bc4 31.a4 Ke6 32.b3 Ba6 33.b4 Bc4 34.f4 h5 35.Be2  1/2-1/2

[Event "Sparkassen Open"]
[Site "Nettetal GER"]
[Date "2010.07.08"]
[Round "6"]
[White "Van Gool,H"]
[Black "Pilat,F"]
[Result "1-0"]
[WhiteElo "2161"]
[BlackElo "1944"]

1.Nf3 d5 2.d4 Nf6 3.g3 e6 4.Bg2 Be7 5.c4 O-O 6.O-O dxc4 7.Ne5 Nbd7 8.Nxc4 c6
9.Nc3 Nb6 10.b3 Nfd5 11.Bb2 Qc7 12.Qc1 Rd8 13.Ne4 Nd7 14.Rd1 b6 15.Ng5 Bb7
16.e4 N5f6 17.Ne3 Rac8 18.Qc2 Nf8 19.Rac1 Qb8 20.h4 Rd7 21.Nh3 Rcd8 22.Qc3 a5
23.a3 Ne8 24.Ng4 Bf6 25.Nxf6+ Nxf6 26.Qc2 Ne8 27.Qe2 Ng6 28.h5 Ne7 29.h6 g6
30.Ng5 Nc8 31.Bh3 Qd6 32.Qe3 Qe7 33.f4 Rd6 34.Qc3 Nc7 35.d5 e5 36.fxe5 Rxd5
37.exd5 Qxg5 38.e6 f6 39.dxc6 Rxd1+ 40.Rxd1 Bxc6 41.Rd8+  1-0

[Event "XXXIII Open"]
[Site "Barbera del Valles ESP"]
[Date "2010.07.09"]
[Round "6"]
[White "Matnadze,A"]
[Black "Aderito,P"]
[Result "1-0"]
[WhiteElo "2422"]
[BlackElo "2333"]

1.d4 Nf6 2.Nf3 e6 3.c4 d5 4.g3 Be7 5.Bg2 O-O 6.Nc3 b6 7.Ne5 Bb7 8.O-O Qc8
9.cxd5 exd5 10.Bg5 Rd8 11.Rc1 h6 12.Bxf6 Bxf6 13.f4 Na6 14.e3 c5 15.Qh5 Qe6
16.Rcd1 Nc7 17.g4 Qe7 18.Rf3 Bxe5 19.fxe5 cxd4 20.exd4 Bc8 21.Rdf1 Be6 22.h4 Qf8
23.g5 g6 24.Qxh6 Qxh6 25.gxh6 Rd7 26.Kh2 Re8 27.Bh3 Bxh3 28.Kxh3 Ree7 29.h5 Ne6
30.hxg6 fxg6 31.Rf6 Nxd4 32.Rxg6+ Kh7 33.Rd6 Rxd6 34.exd6 Re6 35.Rf7+ Kxh6
36.d7 Nc6 37.Nxd5 Rd6 38.Nf4 Kg5 39.Kg3 a5 40.a4 Rd2 41.Ne6+ Kg6 42.Rf3  1-0

[Event "ch-NOR"]
[Site "Fredrikstad NOR"]
[Date "2010.07.10"]
[Round "9"]
[White "Groenn,A"]
[Black "Stubberud,O"]
[Result "1/2-1/2"]
[WhiteElo "2415"]
[BlackElo "2276"]

1.d4 d5 2.Nf3 Nf6 3.c4 e6 4.g3 Be7 5.Bg2 O-O 6.O-O dxc4 7.Qc2 a6 8.Qxc4 b5
9.Qc2 Bb7 10.Bd2 Be4 11.Qc1 Bb7 12.Qc2 Be4 13.Qc1 Bb7 14.Bf4 Bd6 15.Nbd2 Nbd7
16.Nb3 Qe7 17.Na5 Be4 18.Ne5 Bxg2 19.Kxg2 Rfc8 20.Nac6 Qe8 21.Qc2 Nd5 22.Rfc1 N7b6
23.b3 Nxf4+ 24.gxf4 f6 25.Nd3 Qg6+ 26.Kh1 Qe4+ 27.Kg1 Qg6+ 28.Kh1 Qe4+  1/2-1/2

[Event "ch-SUI"]
[Site "Lenzerheide SUI"]
[Date "2010.07.10"]
[Round "3"]
[White "Ekstroem,R"]
[Black "Huss,A"]
[Result "1-0"]
[WhiteElo "2496"]
[BlackElo "2304"]

1.c4 e6 2.g3 d5 3.Bg2 Nf6 4.d4 Be7 5.Nf3 O-O 6.O-O c6 7.Qc2 b6 8.Nbd2 Bb7
9.e4 c5 10.cxd5 exd5 11.e5 Ne4 12.dxc5 Nxd2 13.Bxd2 bxc5 14.Rad1 Nc6 15.Rfe1 a5
16.a3 Ra6 17.h4 Bc8 18.Bg5 Be6 19.Bxe7 Qxe7 20.Ng5 g6 21.Bxd5 Nd4 22.Qc4 Rb6
23.b3 Bxd5 24.Qxd5 Rd8 25.Qe4 Rxb3 26.Kg2 h6 27.Nh3 Re8 28.Nf4 Nf3 29.Nd5 Nxe1+
30.Rxe1 Qb7 31.Nf6+ Kf8 32.Nxe8 Kxe8 33.Qxb7 Rxb7 34.Rc1 Rb3 35.h5 gxh5 36.Rxc5 Rxa3
37.Rc6 a4 38.Rxh6 Rd3 39.Rxh5 Rd5 40.Rh8+ Ke7 41.Ra8 Rxe5 42.Rxa4 Kf6 43.f4 Rb5
44.Kf3 Kg6 45.Ra6+ f6 46.g4 Rb3+ 47.Kf2 Kg7 48.Ra7+ Kg6 49.Re7 Ra3 50.Re3 Ra4
51.Kg3 Rb4 52.Re7 Rb1 53.f5+ Kh6 54.Rf7 Rb3+ 55.Kf4 Rb4+ 56.Kf3 Rb3+ 57.Ke4 Rb4+
58.Kd5 Rxg4 59.Ke6 Ra4 60.Rxf6+ Kg7 61.Rf7+ Kg8 62.Re7 Ra6+ 63.Ke5 Kf8 64.Re6 Ra7
65.Kf6 Rf7+ 66.Kg5 Rg7+ 67.Rg6 Kf7 68.Kh6  1-0

[Event "Sparkassen Open"]
[Site "Nettetal GER"]
[Date "2010.07.10"]
[Round "8"]
[White "Busch,C"]
[Black "Pilat,F"]
[Result "1-0"]
[WhiteElo "2122"]
[BlackElo "1944"]

1.d4 d5 2.Nf3 Nf6 3.c4 e6 4.g3 Be7 5.Bg2 O-O 6.O-O dxc4 7.Ne5 c5 8.dxc5 Qc7
9.Nxc4 Qxc5 10.b3 Rd8 11.Qc2 Nc6 12.Be3 Qh5 13.Nc3 Nb4 14.Qb2 Nbd5 15.Bd2 Bd7
16.e4 Nxc3 17.Bxc3 Bc6 18.f3 Qh6 19.Bd4 Rxd4 20.Qxd4 Rd8 21.Qxa7 Qg5 22.e5 Nd7
23.f4 Qh5 24.Rad1 Qe2 25.Bxc6 bxc6 26.Rxd7 Rxd7 27.Qf2 Qd3 28.Kg2 Rd5 29.Qf3 Qd4
30.f5 Qd3 31.fxe6 Qxf3+ 32.Kxf3 fxe6 33.Ke2 Bc5 34.Rf3 Rd4 35.Rd3 Re4+ 36.Kf3 Re1
37.Rd7 g5 38.Rc7 h5 39.h3 Rf1+ 40.Ke4 Re1+ 41.Kd3 Rd1+ 42.Ke2 Ra1 43.a4 Ra2+
44.Kf3 Rf2+ 45.Ke4 h4 46.gxh4 Rf4+ 47.Kd3 Rxh4 48.Rxc6 Rxh3+ 49.Ke4 Rh4+
50.Kf3 Rf4+ 51.Kg2 Rg4+ 52.Kf3 Rf4+ 53.Ke2 Re4+ 54.Kd3 Rd4+ 55.Kc3 Rd5 56.Rxe6 Kg7
57.Nd6 Rd1 58.Kc4 Bf2 59.Rf6 Bg1 60.Nf5+  1-0

[Event "3rd Open"]
[Site "Paracin SRB"]
[Date "2010.07.10"]
[Round "3"]
[White "Pavlov,S2"]
[Black "Weinzettl,E"]
[Result "1-0"]
[WhiteElo "2524"]
[BlackElo "2325"]

1.c4 e6 2.Nf3 d5 3.g3 Nf6 4.Bg2 Be7 5.d4 c5 6.O-O O-O 7.cxd5 exd5 8.Nc3 Nc6
9.Bg5 cxd4 10.Nxd4 h6 11.Be3 Re8 12.Qb3 Na5 13.Qc2 Bg4 14.h3 Bh5 15.Rad1 Rc8
16.Nf5 Bb4 17.g4 Bg6 18.Bd4 Ne4 19.Qa4 Bxc3 20.Bxc3 Nc4 21.Qxa7 Bxf5 22.gxf5 Nxc3
23.bxc3 Rxe2 24.Qxb7 Nd2 25.Rfe1 Rxe1+ 26.Rxe1 Rxc3 27.Qxd5 Qg5 28.h4 Qf4
29.f6 Nf3+ 30.Bxf3 Rxf3 31.Re8+ Kh7 32.fxg7 Kxg7 33.Re4 Qc1+ 34.Kg2 Rf6 35.Rg4+ Rg6
36.Qe5+ Kh7 37.Rxg6 fxg6 38.Qe4 h5 39.Qe7+ Kg8 40.Qe6+ Kg7 41.a4 Qf4 42.a5 Qxh4
43.a6 Qg5+ 44.Kf3 Qg1 45.a7 Qd1+ 46.Kg2 Qa4 47.Qe7+ Kh6 48.Qf8+ Kg5 49.a8=Q Qe4+
50.Qxe4  1-0

[Event "7th South Wales Int"]
[Site "Treforest WLS"]
[Date "2010.07.10"]
[Round "1"]
[White "Wells,P"]
[Black "Jaunooby,A"]
[Result "1-0"]
[WhiteElo "2488"]
[BlackElo "2155"]

1.d4 d5 2.Nf3 Nf6 3.c4 e6 4.g3 Be7 5.Bg2 O-O 6.O-O c6 7.Nc3 Nbd7 8.b3 b6
9.Nd2 Bb7 10.e4 dxe4 11.Ndxe4 Nxe4 12.Nxe4 Nf6 13.Bb2 Qd7 14.Qe2 Nxe4 15.Bxe4 Bf6
16.Rfd1 Rad8 17.c5 b5 18.a4 a6 19.h4 Qc7 20.h5 h6 21.Qf3 Rd7 22.axb5 axb5
23.Bc2 Rfd8 24.Qe4 Rd5 25.Qh7+ Kf8 26.Rd3 Rxh5 27.Rf3 Rg5 28.Re1 Rdd5 29.Bc1 Rxd4
30.Bxg5 hxg5 31.Rxe6  1-0